00885pam a2200229 a 4500020002800000082001600028100002300044245007000067250001200137260003700149300003300186526003700219650006000256650001300316700002800329856005400357856005500411856006200466942001200528999001900540952009600559 a0070655294 (alk. paper)00a515.15bTUM1 aTuma, Jan J.9308510aEngineering mathematics handbook /cJan J. Tuma, Ronald A. Walsh. a4th ed. aNew York :bMcGraw-Hill,cc1998. aix, 566 p. :bill. ;c26 cm. a0b0c0d515_150000000000000_TUM 0aEngineering mathematicsxHandbooks, manuals, etc.93086 0aMCE93791 aWalsh, Ronald A.94714441uhttp://www.loc.gov/catdir/toc/mh022/97034589.html42uhttp://www.loc.gov/catdir/bios/mh041/97034589.html42uhttp://www.loc.gov/catdir/description/mh023/97034589.html 2ddccBK c550431d550431 00102ddc4070aMCEbMCEd2014-11-10l0o515.15 TUMpMCE-32587r2014-11-10w2014-11-10yBK